000 00743nam a22002777a 4500
001 BS2023000541
003 BR-BrBNA
005 20231206142656.0
008 231206b bl.||||| |||| 00| 0 por d
020 _a978-85-63171-03-0
040 _aBR-BrBNA
_bpor
041 _apor
072 _aB60
100 _4aut.
_aPenha, Maria da,
_d1945-
245 _aSobrevivi- posso contar /
_cMaria da Penha. -
260 _aFortaleza :
_bArmazém da Cultura,
_c2010.
300 _a203 p. ;
300 _c23cm.
500 _aConteúdo parcial: Lei Maria da Penha.
650 _aBIOGRAFIA
650 _aMARIA DA PENHA
650 _aVIOLÊNCIA CONTRA A MULHER
909 _a202312
_bLayla
942 _cBK
999 _c259865
_d259865